Biggest Cities in Africa with Exceptions - Statistics

General Stats
  • This quiz has been taken 416 times
  • The average score is 17 of 20
Answer Stats
Population City % Correct
16.80 mil Cairo
99%
10.60 mil Kinshasa
97%
5.15 mil Alexandria
96%
3.68 mil Algiers
94%
5.20 mil Nairobi
94%
4.18 mil Casablanca
93%
5.50 mil Khartoum
92%
5.30 mil Dar es Salaam
91%
6.80 mil Luanda
91%
3.48 mil Addis Ababa
90%
3.30 mil Dakar
89%
4.56 mil Accra
88%
2.50 mil Tunis
83%
5.15 mil Abidjan
78%
3.03 mil Kampala
77%
2.95 mil Bamako
70%
2.33 mil Harare
70%
2.73 mil Yaoundé
69%
2.83 mil Douala
59%
2.68 mil Kumasi
38%
No matching quizzes found
Score Distribution
Percent of People with Each Score
Percentile by Number Answered
Your Score History
You have not taken this quiz